000 00294nam a22001337a 4500
008 181015b xxu||||| |||| 00| 0 eng d
020 _a037038016956
041 _aeng
080 _a610
100 _a4
101 _aSHM
245 _aKeeping Livestock Healthy
_cHaynes,N.B
942 _2udc
_cBK
999 _c49614
_d49614